Villes de Turquie par indicatifs - Statistiques

Statistiques générales
  • Ce quiz a été pris 92 fois
  • Le résultat moyen est 34 sur 83
Statistiques - réponses
Numéros d'indicatifs Villes % Correct
216 Istanbul (Asie)
88%
212 Istanbul (Europe)
88%
312 Ankara
84%
232 Izmir
82%
342 Gaziantep
72%
332 Konya
72%
322 Adana
71%
224 Bursa
69%
242 Antalya
68%
462 Trabzon
66%
362 Samsun
57%
346 Sivas
57%
324 Mersin
56%
432 Van
56%
442 Erzurum
54%
352 Kayseri
54%
284 Edirne
51%
414 Şanlıurfa
51%
446 Erzincan
50%
482 Mardin
50%
258 Denizli
49%
464 Rize
49%
354 Yozgat
49%
488 Batman
47%
344 Kahramanmaraş
47%
474 Kars
47%
412 Diyarbakir
46%
384 Nevşehir
46%
286 Çanakkale
43%
356 Tokat
43%
222 Eskişehir
41%
382 Aksaray
40%
454 Giresun
40%
452 Ordu
40%
368 Sinop
40%
416 Adiyaman
38%
422 Malatya
38%
374 Bolu
37%
262 Izmit
37%
436 Muş
35%
282 Tekirdağ
35%
266 Balikesir
34%
424 Elâzığ
34%
252 Muğla
34%
358 Amasya
32%
434 Bitlis
32%
338 Karaman
32%
348 Kilis
32%
318 Kirikkale
32%
388 Niğde
32%
226 Yalova
32%
466 Artvin
31%
364 Çorum
31%
438 Hakkâri
31%
476 Iğdir
31%
246 Isparta
31%
366 Kastamonu
31%
236 Manisa
31%
472 Ağri
29%
478 Ardahan
29%
256 Aydin
29%
456 Gümüşhane
29%
288 Kirklareli
29%
428 Tunceli
29%
372 Zonguldak
29%
426 Bingöl
28%
386 Kirşehir
28%
328 Osmaniye
28%
276 Uşak
28%
272 Afyonkarahisar
26%
248 Burdur
26%
380 Düzce
26%
484 Siirt
26%
458 Bayburt
25%
228 Bilecik
25%
370 Karabük
25%
378 Bartın
24%
274 Kütahya
24%
326 Antakya
21%
264 Sakarya
21%
486 Şırnak
21%
376 Çankırı
19%
392 Nicosie du Nord
0%
Aucun quiz correspondant
Distribution des résultats
% des personnes avec chaque résultat
Percentile par nombre de réponses
Votre historique - résultats
Vous n’avez pas pris ce quiz